| 000 | 00552nam a2200181Ia 4500 | ||
|---|---|---|---|
| 003 | OSt | ||
| 005 | 20260114142552.0 | ||
| 008 | 210210b1927 xxu||||| |||| 00| 0 eng d | ||
| 040 | _cAL | ||
| 041 | _aKannada | ||
| 082 | _a859/1007 | ||
| 100 |
_aNARAYANA VENKATESHA KURADI _9124037 _dನಾರಾಯಣ ವೆಂಕಟೇಶ ಕುರಾಡಿ. |
||
| 245 |
_aMaharani Lakshmi Bayi _bಮಹಾರಾಣಿ ಲಕ್ಷ್ಮೀ ಬಾಯಿ |
||
| 260 |
_aBombayi _b- _c1927 |
||
| 690 |
_aKannada Fiction _9124038 |
||
| 906 | _a021755 | ||
| 942 |
_2ddc _cBK |
||
| 999 |
_c145855 _d145855 |
||